000 00468nam a2200181Ia 4500
008 100917s9999 xx 000 0 und d
082 _b7239
100 _aदत्त प्रफुल्ल
245 _aरेशमी लड्या
260 _b---
_c1965
300 _a120
365 _b2.5
520 _aकथा
630 _aरेशमी लड्या
650 _aकथा
730 _aरेशमी लड्या
942 _cBOOK
999 _c612633
_d612630